000 00305nam a22001337a 4500
008 170306b xxu||||| |||| 00| 0 eng d
020 _a9780323036443
041 _aeng
080 _24TH
_a611
100 _a6
101 _aSHM
245 _aTHE HUMAN BODY IN HEALTH & DISEASE
_cTHIBODEAU
942 _2udc
_cBK
999 _c6908
_d6908